| 000 | 00325nam a22001217a 4500 | ||
|---|---|---|---|
| 082 |
_a894.812 _bSIE/M |
||
| 100 | _aDEPT OF EDUCATION, GOVT OF KERALA | ||
| 245 |
_aSSLC EXAMINATION BASED SPECIAL PROGRAMMES _bMALAYALAM PAPER 1 & 2 |
||
| 260 |
_aTRIVANDRUM _bSIET |
||
| 300 | _bVCD | ||
| 650 |
_aMALAYALAM VCD _zKERALA |
||
| 942 | _cVM | ||
| 999 |
_c7925 _d7925 |
||